LIBRARY & INFORMATION CENTRE, KCAET, TAVANUR

ONLINE PUBLIC ACCESS CATALOGUE (OPAC)

Theory and working of union finance in India (Record no. 11214)

MARC details
000 -LEADER
fixed length control field 00412cam a2200169ua 4500
041 ## - LANGUAGE CODE
Language code of text/sound track or separate title eng
082 ## - DEWEY DECIMAL CLASSIFICATION NUMBER
Classification number 330.954
Item number BHA/TH
100 ## - MAIN ENTRY--AUTHOR NAME
Personal name R.N. Bhargava, Bhargava .
245 ## - TITLE STATEMENT
Title Theory and working of union finance in India
260 ## - PUBLICATION, DISTRIBUTION, ETC. (IMPRINT)
Place of publication :
Name of publisher Chaitanya pub house ,
Year of publication 1965.
300 ## - PHYSICAL DESCRIPTION
Number of Pages 311 ; .
942 ## - ADDED ENTRY ELEMENTS (KOHA)
Koha item type Books
Holdings
Withdrawn status Lost status Damaged status Home library Current library Date acquired Full call number Accession Number Koha item type Public note
Withdrawn   Damaged KAUAET Sanskrit University 07/04/2012 330.954 8108 Books Transferred to Sanskrit University
free website counter